000 00713nam a22002657a 4500
001 BR8806947
003 BR-BrBNA
005 20230928093049.0
007 ta
008 230509b bl.||||| |||| 00| 0 por d
040 _aBR-BrBNA
_bpor
_cBiblioteca Nacional de Agricultura
041 _a(Por)
072 _aF06; C10
090 _ F06 BR8806947
110 1 _aMinisterio do Interior, Brasilia, DF (Brasil);
_97113
110 1 _aIICA, Campos, RJ (Brasil)
_95554
245 1 _aCurso geral de irigacao. Relatorio final
260 3 _aCampos, RJ (Brasil):
_c1984.
300 _a41 p.
500 _a6 tables
650 _aIRRIGACAO
650 _aCURSO
909 _a202309
_bLucia
_c55
_dLucia Elande
942 _cBK
999 _c42789
_d42789